000 01111nam a22003737a 4500
001 0014459
003 KOHA_MİRAKIL
005 20260207001955.0
007 ta
008 100303b2003 tu |||gr||||#||||0|tur |
020 _a9758053442
040 _aTR-BiSEU
_btur
_cTR-BiSEU
_erda
041 0 _atur
044 _ctu
050 _aHJ191
_b.P44 2003
100 1 _aPehlivan, Osman.
245 1 _aKamu maliyesi/
_cOsman Pehlivan ; Osman Pehlivan.
264 1 _aTrabzon :
_bDerya Kitabevi
_c2003
300 _axvii, 332 sayfa; 24 cm.
336 _ametin
_btxt
_2rdacontent
337 _aaracısız
_bn
_2rdamedia
338 _acilt
_bnc
_2rdacarrier
650 0 _aMaliye, Kamu.
_933573
650 0 _aFinance, Public.
_96464
650 0 _aMaliye, Kamu--Türkiye.
_933574
650 0 _aFinance, Public--Turkey.
_918252
650 0 _aBütçe--Türkiye.
_98794
650 0 _aBudget--Turkey.
_918253
650 0 _aMaliye politikası--Türkiye.
_95870
650 0 _aFiscal policy--Turkey.
_95871
650 0 _aVergilendirme--Türkiye.
_93958
650 0 _aTaxation--Turkey.
_93960
942 _2lcc
_cBK
999 _c14422
_d14422